Hacienda pública / (Registro nro. 4199)

Detalles MARC
000 -LEADER
fixed length control field 00996nam a2200253Ia 4500
003 - CONTROL NUMBER IDENTIFIER
control field OSt
005 - DATE AND TIME OF LATEST TRANSACTION
control field 20211117102632.0
008 - FIXED-LENGTH DATA ELEMENTS--GENERAL INFORMATION
fixed length control field 191128s1996 ck fr 000 0dspa d
020 ## - INTERNATIONAL STANDARD BOOK NUMBER
International Standard Book Number 958616280X
040 ## - CATALOGING SOURCE
Original cataloging agency CO-JMCR
Transcribing agency CO-JMCR
041 0# - LANGUAGE CODE
Language code of text/sound track or separate title spa
082 04 - DEWEY DECIMAL CLASSIFICATION NUMBER
Classification number 336.01 /
Item number R436h2
Edition number 23
100 1# - MAIN ENTRY--PERSONAL NAME
Personal name Restrepo Salazar, Juan Camilo,
Relator term autor
9 (RLIN) 6525
245 10 - TITLE STATEMENT
Title Hacienda pública /
Statement of responsibility, etc. Juan Camilo Restrepo
250 ## - EDITION STATEMENT
Edition statement Tercera edición
260 ## - PUBLICATION, DISTRIBUTION, ETC.
Place of publication, distribution, etc. Bogotá :
Name of publisher, distributor, etc. Universidad Externado de Colombia,
Date of publication, distribution, etc. 1996
300 ## - PHYSICAL DESCRIPTION
Extent 379 páginas ;
Dimensions 25 cm.
500 ## - GENERAL NOTE
General note Incluye datos biográficos del autor en contra portada.
505 0# - FORMATTED CONTENTS NOTE
Formatted contents note Los propósitos de la hacienda pública -- El gasto público -- Ingresos fiscales -- Principales impuestos del gobierno central -- Presupuesto -- La deuda pública -- Finanzas territoriales
650 14 - SUBJECT ADDED ENTRY--TOPICAL TERM
Topical term or geographic name entry element Hacienda pública
Geographic subdivision Colombia
9 (RLIN) 6814
650 14 - SUBJECT ADDED ENTRY--TOPICAL TERM
Topical term or geographic name entry element Rentas públicas
Geographic subdivision Colombia
9 (RLIN) 6952
650 14 - SUBJECT ADDED ENTRY--TOPICAL TERM
Topical term or geographic name entry element Política de finanzas públicas
Geographic subdivision Colombia
9 (RLIN) 6953
942 ## - ADDED ENTRY ELEMENTS (KOHA)
Source of classification or shelving scheme Dewey Decimal Classification
Koha item type Books
Existencias
Withdrawn status Lost status Source of classification or shelving scheme Damaged status Not for loan Collection code Home library Current library Date acquired Source of acquisition Total Checkouts Full call number Barcode Date last seen Date last checked out Copy number Koha item type
    Dewey Decimal Classification     Non-fiction Biblioteca Pública José María del Castillo y Rada Biblioteca Pública José María del Castillo y Rada 08/24/2018 Donación 1 336.01 / R436h2 201809024 05/16/2024 02/27/2020 Ej.1 Books